Calculus : early transcendentals (Record no. 11987)

000 -LEADER
fixed length control field 01209cam a2200313 a 4500
001 - CONTROL NUMBER
control field 15449181
005 - DATE AND TIME OF LATEST TRANSACTION
control field 20170105102352.0
008 - FIXED-LENGTH DATA ELEMENTS--GENERAL INFORMATION
fixed length control field 080912s2011 maua 001 0 eng
010 ## - LIBRARY OF CONGRESS CONTROL NUMBER
LC control number 2008040467
020 ## - INTERNATIONAL STANDARD BOOK NUMBER
International Standard Book Number 9780763759957 (pbk.)
020 ## - INTERNATIONAL STANDARD BOOK NUMBER
International Standard Book Number 0763759953 (pbk.)
035 ## - SYSTEM CONTROL NUMBER
System control number (OCoLC)ocn257555232
040 ## - CATALOGING SOURCE
Original cataloging agency DLC
Transcribing agency DLC
Modifying agency YDX
-- YDXCP
-- CDX
-- NTE
-- DLC
050 00 - LIBRARY OF CONGRESS CALL NUMBER
Classification number QA303
Item number .Z523 2011
082 00 - DEWEY DECIMAL CLASSIFICATION NUMBER
Classification number 515
Edition number 22
100 1# - MAIN ENTRY--PERSONAL NAME
Personal name Zill, Dennis G.,
Dates associated with a name 1940-
245 10 - TITLE STATEMENT
Title Calculus : early transcendentals
Remainder of title early transcendentals
Statement of responsibility, etc. Dennis G. Zill, Warren S. Wright.
250 ## - EDITION STATEMENT
Edition statement 4th ed.
260 ## - PUBLICATION, DISTRIBUTION, ETC.
Place of publication, distribution, etc. Sudbury, Mass. :
Name of publisher, distributor, etc. Jones and Bartlett Publishers,
Date of publication, distribution, etc. c2011.
300 ## - PHYSICAL DESCRIPTION
Extent xxxii, 896, [88] p. :
Other physical details ill. (some col.) ;
Dimensions 29 cm.
490 0# - SERIES STATEMENT
Series statement The Jones and Bartlett Publishers series in mathematics. Calculus
500 ## - GENERAL NOTE
General note Includes Index.
650 #0 - SUBJECT ADDED ENTRY--TOPICAL TERM
Topical term or geographic name entry element Calculus.
700 1# - ADDED ENTRY--PERSONAL NAME
Personal name Wright, Warren S.
856 41 - ELECTRONIC LOCATION AND ACCESS
Materials specified Table of contents only
Uniform Resource Identifier <a href="http://www.loc.gov/catdir/toc/ecip0828/2008040467.html">http://www.loc.gov/catdir/toc/ecip0828/2008040467.html</a>
906 ## - LOCAL DATA ELEMENT F, LDF (RLIN)
a 7
b cbc
c orignew
d 1
e ecip
f 20
g y-gencatlg
942 ## - ADDED ENTRY ELEMENTS (KOHA)
Source of classification or shelving scheme
Koha item type Book
Holdings
Withdrawn status Lost status Damaged status Not for loan Collection code Permanent Location Current Location Shelving location Date acquired Source of acquisition Cost, normal purchase price Total Checkouts Total Renewals Full call number Barcode Checked out Date last seen Date last checked out Price effective from Koha item type
          Central Library (CL) Central Library (CL) General Stacks 07/03/2013 Allied Book Company 4646.40 3 1 515 ZIL SEECS012492 07/13/2021 03/15/2021 03/15/2021 07/09/2013 Book
© 2023 Central Library, National University of Sciences and Technology. All Rights Reserved.